000 01707nac a22003851i 4500
003 EG-ScBUE
005 20250219102020.0
008 250212s2006 enk f bd 000 0 eng d
020 _a0199206139 (Pbk.)
020 _a9780199206131 (Pbk.)
035 _a(OCoLC)ocm52324277
040 _aEG-ScBUE
_beng
_erda
_cEG-ScBUE
_dEG-ScBUE
082 0 4 _a519.503
_bOXF
_222
245 0 4 _aThe Oxford dictionary of statistical terms /
_ceditor Yadolah Dodge, University of Neuchâtel, Swizerland and [five others]
246 3 0 _aDictionary of statistical terms
250 _aFirst published in paperback.
264 1 _aOxford ;
_aNew York :
_bOxford University Press,
_c2006.
300 _avii, 498 pages ;
_c22 cm
336 _2rdacontent
_atext
_btxt
337 _aunmediated
_2rdamedia
_bn
338 _avolume
_bnc
_2rdacarrier
500 _aRevised edition of A dictionary of statistical terms. fifth edition / prepared for the International Statistical Institute by F.H.C. Marriott. Burnt Mill, Harlow, Essex, England : Published for the International Statistical Institute by Longman Scientific & Technical ; New York : Wiley, 1990.
500 _aPublished on behalf of the International Statistical Institute.
504 _aIncludes bibliographical references.
650 7 _aStatistics
_vDictionaries.
_2BUEsh
655 _vReading book
700 1 _aDodge, Yadolah,
_d1944-
_eeditor.
700 1 _aCox, David
_eeditor.
700 1 _aCommenges, Daniel
_eeditor.
700 1 _aDavison, Anthony
_eeditor.
700 1 _aSolomon, Patty
_eeditor.
700 1 _aWilson, Suzan
_eeditor.
856 4 2 _3Publisher description
_uhttp://www.loc.gov/catdir/enhancements/fy0615/2003284130-d.html
942 _cNB
_2ddc
999 _c8575
_d8575